Belügyminisztériumi körrendelet a kóbor cigányok gyermekeinek állami menhelyben elhelyezéséről.

Elmentve itt :
Bibliográfiai részletek
Szerző: Sándor János
Dokumentumtípus: Kézirat
Megjelent: 1916
Kulcsszavak:cigánykérdés, kóbor cigányok, adminisztráció, cigány gyermekek, gyámügy
Online Access:http://misc.bibl.u-szeged.hu/46948
LEADER 00693ntm a2200169 i 4500
001 misc46948
005 20200527103438.0
008 200527s1916 hu o 0|| hun d
040 |a SZTE Miscellanea Repozitórium  |b hun 
041 |a hun 
100 1 |a Sándor János 
245 1 0 |a Belügyminisztériumi körrendelet a kóbor cigányok gyermekeinek állami menhelyben elhelyezéséről.  |h [elektronikus dokumentum] /  |c  Sándor János 
260 |c 1916 
300 |a 1 
561 |a Herrmann Antal hagyaték 
695 |a cigánykérdés, kóbor cigányok, adminisztráció, cigány gyermekek, gyámügy 
856 4 0 |u http://misc.bibl.u-szeged.hu/46948/1/hermann_antal_ms_1934_004_egyeb_186.pdf  |z Dokumentum-elérés